A fertőszentmiklósi uradalom rendezése 1719-ben
Elmentve itt :
| Szerző: | |
|---|---|
| Dokumentumtípus: | Cikk |
| Megjelent: |
1896
|
| Sorozat: | Magyar gazdaságtörténelmi szemle
3 |
| Kulcsszavak: | Közgazdaságtudomány, Gazdaságtörténet |
| Online Access: | http://misc.bibl.u-szeged.hu/120 |
| LEADER | 00609nab a2200169 i 4500 | ||
|---|---|---|---|
| 001 | misc120 | ||
| 005 | 20191106144251.0 | ||
| 008 | 170607s1896 hu o 0|| hun d | ||
| 040 | |a SZTE Miscellanea Repozitórium |b hun | ||
| 041 | |a hun | ||
| 100 | 1 | |a Merényi Lajos | |
| 245 | 1 | 2 | |a A fertőszentmiklósi uradalom rendezése 1719-ben |h [elektronikus dokumentum] / |c Merényi Lajos |
| 260 | |c 1896 | ||
| 300 | |a 93-101 | ||
| 490 | 0 | |a Magyar gazdaságtörténelmi szemle |v 3 | |
| 695 | |a Közgazdaságtudomány, Gazdaságtörténet | ||
| 856 | 4 | 0 | |u http://misc.bibl.u-szeged.hu/120/1/gazd_tort_szeml_1896_093-101.pdf |z Dokumentum-elérés |